[Event "SLO-chT 31st"]
[Site "Ljubljana"]
[Date "2021.09.11"]
[Round "2.2"]
[White "Djuric, Petar2"]
[Black "Zamar Kodelja, Jurij"]
[Result "1/2-1/2"]
[WhiteElo "2206"]
[BlackElo "2248"]
[PlyCount "73"]
[EventDate "2021.09.10"]
[EventType "team-tourn"]
[EventRounds "9"]
[EventCountry "SLO"]
[SourceTitle "CBM 204 Extra"]
[Source "ChessBase"]
[SourceDate "2021.11.30"]
[SourceVersion "1"]
[SourceVersionDate "2021.11.30"]
[SourceQuality "1"]
[WhiteTeam "Kranj Stari Mayr"]
[BlackTeam "Nova Gorica CC"]
[WhiteTeamCountry "SLO"]
[BlackTeamCountry "SLO"]

1. c4 Nf6 2. Nc3 g6 3. g3 Bg7 4. Bg2 d6 5. Nf3 0-0 6. 0-0 e5 7. d3 a5 8. Bd2 Bd7 9. a3 Qc8 10. b4 Bh3 11. bxa5 Bxg2 12. Kxg2 Nc6 13. e4 Nxa5 14. Nd5 Nc6 15. Qc2 Qd7 16. Rfb1 Ra7 17. Bg5 Nxd5 18. cxd5 Nd4 19. Nxd4 exd4 20. Ra2 Rfa8 21. Bc1 h5 22. h4 b6 23. Rb4 Ra4 24. Rxa4 Rxa4 25. Qb3 Ra5 26. Bd2 Qa4 27. Qxa4 Rxa4 28. Bb4 f6 29. Rc2 Ra7 30. f4 Kf7 31. Kf3 f5 32. Re2 Bf6 33. Kf2 Ra8 34. Rc2 Ra7 35. Ke2 Ke8 36. Rc6 Kf7 37. Kd2 1/2-1/2

[Event "Nova Gorica op 24th"]
[Site "Nova Gorica"]
[Date "2019.01.30"]
[Round "8"]
[White "Hercog, Nusa"]
[Black "Zamar Kodelja, Jurij"]
[Result "1/2-1/2"]
[WhiteElo "2019"]
[BlackElo "2281"]
[PlyCount "92"]
[EventDate "2019.01.25"]
[EventType "swiss"]
[EventRounds "9"]
[EventCountry "SLO"]
[SourceTitle "CBM 188 Extra"]
[Source "ChessBase"]
[SourceDate "2019.02.28"]
[SourceVersion "1"]
[SourceVersionDate "2019.02.28"]
[SourceQuality "1"]

1. d4 Nf6 2. c4 c5 3. d5 b5 4. cxb5 a6 5. bxa6 g6 6. Nc3 Bxa6 7. Nf3 Bg7 8. e4 Bxf1 9. Kxf1 d6 10. g3 0-0 11. Kg2 Nbd7 12. a4 Qb6 13. Qe2 Rfb8 14. Nb5 Ne8 15. Bg5 Kf8 16. Rhb1 Nc7 17. Nxc7 Qxc7 18. Ra2 Rb4 19. Qc2 Qb7 20. Nd2 Qa6 21. b3 Rab8 22. Nc4 R4b7 23. Bd2 Rc7 24. a5 Rcb7 25. Ra4 Ne5 26. Nxe5 Bxe5 27. Bc3 Bxc3 28. Qxc3 Kg8 29. b4 Qe2 30. b5 Rxb5 31. Rxb5 Qxb5 32. Ra1 Qa6 33. h4 h5 34. Qc2 Rb4 35. Kg1 Kg7 36. Kg2 f6 37. Kg1 Rb5 38. Qc3 Rb4 39. Qc2 Rb7 40. Kg2 Qb5 41. a6 Ra7 42. Qa4 Qe2 43. Ra2 Qd3 44. Ra3 Qe2 45. Ra2 Qd3 46. Ra3 Qe2 1/2-1/2

[Event "Trieste op 20th"]
[Site "Trieste"]
[Date "2018.09.06"]
[Round "7"]
[White "Mazi, Leon"]
[Black "Zamar Kodelja, Jurij"]
[Result "1/2-1/2"]
[WhiteElo "2314"]
[BlackElo "2208"]
[PlyCount "120"]
[EventDate "2018.09.01"]
[EventType "swiss"]
[EventRounds "9"]
[EventCountry "ITA"]
[SourceTitle "CBM 186 Extra"]
[Source "ChessBase"]
[SourceDate "2018.08.24"]
[SourceVersion "1"]
[SourceVersionDate "2018.08.24"]
[SourceQuality "1"]

1. e4 c5 2. Nf3 d6 3. d4 cxd4 4. Qxd4 a6 5. Be2 Nc6 6. Qe3 Bg4 7. 0-0 Nf6 8. c4 Bxf3 9. Bxf3 g6 10. b3 Bg7 11. Nc3 0-0 12. Bb2 Nd7 13. Be2 Bd4 14. Qd2 a5 15. Kh1 Nc5 16. f4 f6 17. Bf3 Kg7 18. Rad1 e5 19. g3 Ne6 20. Bc1 Bxc3 21. Qxc3 Ned4 22. Qe3 a4 23. Rd2 axb3 24. axb3 Kg8 25. Bd1 Qe7 26. Rdf2 exf4 27. Rxf4 Ne6 28. R4f2 Nc5 29. Bc2 Qe5 30. Bb1 Qe7 31. Bb2 Ne5 32. Rd2 Kg7 33. Rfd1 Rfd8 34. Bd4 b6 35. Bb2 h5 36. Rf1 Rf8 37. Bc1 Rae8 38. h3 Qe6 39. Kg2 Nf7 40. Rdf2 Ng5 41. h4 Qh3+ 42. Kg1 Ncxe4 43. Rg2 Nc5 44. Qf4 Nce6 45. Qxd6 Nf7 46. Qxb6 Qg4 47. Bb2 Ne5 48. Qe3 Nc6 49. Qe4 Ned4 50. Qd3 Rf7 51. Kh2 Re2 52. Rf4 Ne5 53. Qxd4 Nf3+ 54. Rxf3 Qxf3 55. Rxe2 Qxe2+ 56. Kh1 Qf1+ 57. Qg1 Qh3+ 58. Qh2 Qf1+ 59. Qg1 Qh3+ 60. Qh2 Qf1+ 1/2-1/2

[Event "Nova Gorica op 23rd"]
[Site "Nova Gorica"]
[Date "2018.01.30"]
[Round "7"]
[White "Zamar Kodelja, Jurij"]
[Black "Jelen, Igor"]
[Result "0-1"]
[WhiteElo "2230"]
[BlackElo "2374"]
[PlyCount "140"]
[EventDate "2018.01.26"]
[EventType "swiss"]
[EventRounds "9"]
[EventCountry "SLO"]
[SourceTitle "CBM 182 Extra"]
[Source "ChessBase"]
[SourceDate "2018.02.23"]
[SourceVersion "1"]
[SourceVersionDate "2018.02.23"]
[SourceQuality "1"]

1. d4 Nf6 2. c4 g6 3. Nc3 d5 4. cxd5 Nxd5 5. e4 Nxc3 6. bxc3 Bg7 7. Bc4 c5 8. Ne2 Nc6 9. Be3 0-0 10. 0-0 Qc7 11. Rc1 b6 12. Qd2 Na5 13. Bd3 c4 14. Bb1 e5 15. Bh6 f6 16. Bxg7 Kxg7 17. f4 Bg4 18. Ng3 Rad8 19. fxe5 fxe5 20. Qg5 Bc8 21. Nh5+ Kh8 22. Nf6 Qe7 23. dxe5 Nc6 24. Qh6 Rf7 25. Nd5 Qc5+ 26. Kh1 Qf8 27. Qxf8+ Rdxf8 28. Rxf7 Rxf7 29. Kg1 Nxe5 30. Bc2 Kg7 31. Rd1 Bb7 32. Ne3 b5 33. a4 bxa4 34. Bxa4 Bxe4 35. Rd4 Bd3 36. h3 Rb7 37. Rd5 Kf6 38. Ra5 h5 39. Nd5+ Kf5 40. Nb4 Ke4 41. Kh2 Rf7 42. Bc6+ Nxc6 43. Nxc6 Ke3 44. Kg3 Kd2 45. Ra3 Rb7 46. Nd4 a5 47. Kf4 a4 48. g4 hxg4 49. Kxg4 Rb3 50. Rxa4 Rxc3 51. Nf3+ Kc2 52. Ne5 Kb3 53. Ra7 Bf5+ 54. Kg5 Rg3+ 55. Kf6 Rxh3 56. Rb7+ Kc3 57. Rc7 Rh4 58. Kg5 Re4 59. Kf6 Kb3 60. Rb7+ Kc2 61. Nxc4 Rxc4 62. Re7 Kd3 63. Re1 Re4 64. Ra1 Ke3 65. Kg5 Rg4+ 66. Kf6 Be4 67. Re1+ Kf4 68. Rf1+ Bf3 69. Re1 Rg2 70. Re5 Be4 0-1

[Event "Nova Gorica op 23rd"]
[Site "Nova Gorica"]
[Date "2018.01.28"]
[Round "5"]
[White "Zamar Kodelja, Jurij"]
[Black "Berke, Ana"]
[Result "1/2-1/2"]
[WhiteElo "2230"]
[BlackElo "2122"]
[PlyCount "66"]
[EventDate "2018.01.26"]
[EventType "swiss"]
[EventRounds "9"]
[EventCountry "SLO"]
[SourceTitle "CBM 182 Extra"]
[Source "ChessBase"]
[SourceDate "2018.02.23"]
[SourceVersion "1"]
[SourceVersionDate "2018.02.23"]
[SourceQuality "1"]

1. d4 Nf6 2. c4 e6 3. Nc3 Bb4 4. f3 d5 5. a3 Bxc3+ 6. bxc3 c5 7. cxd5 Nxd5 8. dxc5 Qa5 9. e4 Nf6 10. Be3 0-0 11. Qb3 Nfd7 12. Qb4 Qc7 13. Bb5 b6 14. cxb6 axb6 15. Ne2 Nc6 16. Qb1 Ba6 17. 0-0 Bxb5 18. Qxb5 Ra5 19. Qb3 Nce5 20. Rfd1 Rfa8 21. Qb4 Nc5 22. Bf4 f6 23. Bxe5 fxe5 24. c4 Ra4 25. Qc3 Nd7 26. Qd3 Nf8 27. Rac1 Qc5+ 28. Kf1 Rxa3 29. Qd6 Qe3 30. Qd2 Qc5 31. Qd6 Qe3 32. Qd2 Qc5 33. Qd6 Qe3 1/2-1/2

[Event "Nova Gorica op 23rd"]
[Site "Nova Gorica"]
[Date "2018.01.27"]
[Round "2"]
[White "Zamar Kodelja, Jurij"]
[Black "Tratar, Marko"]
[Result "1/2-1/2"]
[WhiteElo "2230"]
[BlackElo "2459"]
[PlyCount "36"]
[EventDate "2018.01.26"]
[EventType "swiss"]
[EventRounds "9"]
[EventCountry "SLO"]
[SourceTitle "CBM 182 Extra"]
[Source "ChessBase"]
[SourceDate "2018.02.23"]
[SourceVersion "1"]
[SourceVersionDate "2018.02.23"]
[SourceQuality "1"]

1. d4 Nf6 2. c4 e6 3. Nc3 Bb4 4. e3 0-0 5. Bd3 d5 6. Nf3 c5 7. 0-0 dxc4 8. Bxc4 Bd7 9. a3 Bxc3 10. bxc3 Bc6 11. Ne5 Bd5 12. Be2 cxd4 13. exd4 Nbd7 14. c4 Be4 15. Bg5 Qc7 16. Bf4 Nxe5 17. Bxe5 Qe7 18. Bf3 Bxf3 1/2-1/2

[Event "Wch U18"]
[Site "Montevideo"]
[Date "2017.09.24"]
[Round "9"]
[White "Noboa Silva, Kevin Omar"]
[Black "Zamar Kodelja, Jurij"]
[Result "1-0"]
[WhiteElo "2196"]
[BlackElo "2190"]
[PlyCount "47"]
[EventDate "2017.09.17"]
[EventType "swiss"]
[EventRounds "11"]
[EventCountry "URU"]
[SourceTitle "CBM 180 Extra"]
[Source "ChessBase"]
[SourceDate "2017.10.06"]
[SourceVersion "1"]
[SourceVersionDate "2017.10.06"]
[SourceQuality "1"]

1. e4 c5 2. c3 d6 3. d4 Nf6 4. Bd3 g6 5. h3 Bg7 6. Nf3 0-0 7. 0-0 Nbd7 8. Re1 e5 9. dxe5 dxe5 10. Nbd2 Qc7 11. a4 Nh5 12. Nc4 Nb6 13. Na3 Nf4 14. a5 Nd7 15. Nb5 Qc6 16. Bc4 a6 17. Nd6 h6 18. Bxf4 exf4 19. Nxf7 Kh7 20. e5 Re8 21. Qd2 Nf8 22. Qxf4 Ne6 23. Qh4 Kg8 24. Nxh6+ 1-0

[Event "Wch U18"]
[Site "Montevideo"]
[Date "2017.09.23"]
[Round "8"]
[White "Zamar Kodelja, Jurij"]
[Black "Ranaldi, Lucas"]
[Result "1-0"]
[WhiteElo "2190"]
[BlackElo "2277"]
[PlyCount "99"]
[EventDate "2017.09.17"]
[EventType "swiss"]
[EventRounds "11"]
[EventCountry "URU"]
[SourceTitle "CBM 180 Extra"]
[Source "ChessBase"]
[SourceDate "2017.10.06"]
[SourceVersion "1"]
[SourceVersionDate "2017.10.06"]
[SourceQuality "1"]

1. d4 Nf6 2. c4 g6 3. Nf3 Bg7 4. g3 0-0 5. Bg2 d6 6. Nc3 Nc6 7. 0-0 a6 8. Bf4 Bf5 9. Rc1 Ne4 10. Nxe4 Bxe4 11. d5 Nb8 12. Qd2 c5 13. dxc6 Nxc6 14. Bh6 Bxf3 15. exf3 Bxh6 16. Qxh6 Qb6 17. b3 Qa5 18. a4 Qe5 19. Rfe1 Qf6 20. Qe3 Rab8 21. f4 Qd4 22. Qxd4 Nxd4 23. Rcd1 Nxb3 24. Rxe7 Na5 25. Bd5 b5 26. cxb5 axb5 27. Ra7 Nc4 28. a5 Rbc8 29. a6 Nb6 30. Bf3 d5 31. Rb7 Rb8 32. Bxd5 Nxd5 33. Rxd5 Ra8 34. a7 Kg7 35. Rdd7 Rac8 36. Rxb5 Rc1+ 37. Kg2 Ra1 38. f5 Ra3 39. g4 h6 40. fxg6 Kxg6 41. h4 Kg7 42. f3 Ra8 43. Rbb7 Rf8 44. Kg3 Ra4 45. h5 Ra5 46. f4 Ra3+ 47. Kh4 Ra4 48. Rb6 Ra8 49. Rg6+ Kf8 50. Rf6 1-0

[Event "Wch U18"]
[Site "Montevideo"]
[Date "2017.09.19"]
[Round "4"]
[White "Zamar Kodelja, Jurij"]
[Black "Mesaros, Florian"]
[Result "1/2-1/2"]
[WhiteElo "2190"]
[BlackElo "2416"]
[PlyCount "108"]
[EventDate "2017.09.17"]
[EventType "swiss"]
[EventRounds "11"]
[EventCountry "URU"]
[SourceTitle "CBM 180 Extra"]
[Source "ChessBase"]
[SourceDate "2017.10.06"]
[SourceVersion "1"]
[SourceVersionDate "2017.10.06"]
[SourceQuality "1"]

1. d4 d5 2. c4 e6 3. Nc3 Bb4 4. a3 Bxc3+ 5. bxc3 Nf6 6. e3 0-0 7. cxd5 exd5 8. Bd3 c5 9. Ne2 b6 10. 0-0 Ba6 11. f3 Re8 12. Ng3 Bxd3 13. Qxd3 Nc6 14. Bb2 h5 15. Rae1 h4 16. Nf5 Nh5 17. e4 c4 18. Qd2 g6 19. Nh6+ Kg7 20. Ng4 Rh8 21. Ne3 Ne7 22. Ng4 b5 23. a4 bxa4 24. Ba3 Nc6 25. exd5 Qxd5 26. Ne3 Qb5 27. Rb1 Qa6 28. f4 Nf6 29. f5 Ne4 30. Qc2 Rae8 31. fxg6 fxg6 32. Rf4 Ng5 33. Nf5+ gxf5 34. Qxf5 Rh6 35. Bf8+ Rxf8 36. Qxf8+ Kh7 37. Rf7+ Nxf7 38. Qxf7+ Kh8 39. d5 Nd8 40. Qf8+ Kh7 41. Qxd8 Rf6 42. Qe7+ Kg6 43. Rb8 Kf5 44. Qd7+ Ke4 45. Qh3 Qd6 46. Qxh4+ Kd3 47. Qd4+ Kc2 48. Qxa7 a3 49. Qa4+ Kc1 50. Qb5 Rf1+ 51. Kxf1 Qf4+ 52. Ke2 Qe4+ 53. Kf2 Qf4+ 54. Ke2 Qe4+ 1/2-1/2